000 00531cam a2200181 4500
001 6200
005 20181127181141.0
010 _a 99015314
020 _a0074635042
100 _aAswathappa, K.
_b
_c
_d
_e
_q
245 1 0 _aHuman resource and personnel management /
_cK Aswathappa.
250 _a2nd ed.
260 _aNew Delhi :
_bTata McGraw-Hill.,
_c2000.
504 _aIncludes bibliographical references and indexes.
650 0 _aPersonnel management.
700 1 _aJackson, John Harold.
999 _c5239
_d5239